LEADER 01211nam0 2200313 i 450 001 SUN0004669 005 20120315114937.584 010 $a88-15-05753-6 020 $aIT$b98 4032 100 $a20020724d1997 |0itac50 ba 101 $aita 102 $aIT 105 $a|||| ||||| 200 1 $aGovernare l'ambiente$eattori e processi della politica ambientale$fRodolfo Lewanski 210 $aBologna$cIl mulino$d[1997] 215 $a288 p.$d22 cm. 410 1$1001SUN0003835$12001 $aStudi e ricerche$v395$1210 $aBologna$cIl mulino. 606 $aAmbiente naturale$xProtezione$2FI$3SUNC002768 606 $aInquinamento$xControllo$2FI$3SUNC002925 620 $dBologna$3SUNL000003 676 $a363.7$v21 700 1$aLewanski$b, Rodolfo$3SUNV004283$0130580 712 $aIl mulino$3SUNV000011$4650 801 $aIT$bSOL$c20181109$gRICA 912 $aSUN0004669 950 $aUFFICIO DI BIBLIOTECA DEL DIPARTIMENTO DI GIURISPRUDENZA$d00 CONS IV.Er.32 $e00 10703 995 $aUFFICIO DI BIBLIOTECA DEL DIPARTIMENTO DI GIURISPRUDENZA$h10703$kCONS IV.Er.32$op$qa 996 $aGovernare l'ambiente$963707 997 $aUNICAMPANIA LEADER 04654 am 2200865 n 450 001 9910297030503321 005 20181030 010 $a2-35668-066-7 024 7 $a10.4000/books.momeditions.3299 035 $a(CKB)4100000007279179 035 $a(FrMaCLE)OB-momeditions-3299 035 $a(oapen)https://directory.doabooks.org/handle/20.500.12854/40977 035 $a(PPN)233323112 035 $a(EXLCZ)994100000007279179 100 $a20181218j|||||||| ||| 0 101 0 $afre 135 $auu||||||m|||| 181 $ctxt$2rdacontent 182 $cc$2rdamedia 183 $acr$2rdacarrier 200 10$aAntiquipop $eLa référence à l?Antiquité dans la culture populaire contemporaine /$fFabien Bièvre-Perrin, Élise Pampanay 210 $aLyon $cMOM Éditions$d2018 330 $aCitée discrètement, utilisée comme toile de fond ou comme motif principal, l?Antiquité irrigue, inspire et influence les productions audiovisuelles contemporaines de tout genre. La culture classique occupe en effet une place majeure dans la construction des sociétés occidentales et fait depuis de nombreuses années l?objet de travaux scientifiques, notamment dans les pays anglo-saxons. Ces études, que certains nomment les « reception studies », commencent depuis peu à intéresser la recherche française. Cependant, celle-ci se concentre avant tout sur l?époque moderne et les débuts de la période contemporaine, délaissant la période la plus actuelle. De plus, les études concernant les manifestations les plus récentes de l?Antiquité dans la culture populaire se consacrent généralement à la littérature, à la bande dessinée et aux péplums, ceux de la vague d?après 2000 ayant cependant été peu traités. Ce volume rassemble les actes du colloque Antiquipop qui s?est tenu en mai 2016 à Lyon. Il propose de se concentrer sur les références à l?Antiquité dans la culture populaire la plus contemporaine, et sur des supports trop peu considérés : le jeu vidéo, les séries télévisées, l?art, la musique pop? Ces médias, à la fois divers et interconnectés, et pour la plupart issus de la culture de masse, constituent une vaste interface entre nos sociétés et la culture classique : y étudier la présence de l?Antiquité fournit un miroir de notre époque et de notre rapport au passé, que les auteurs réunis ici proposent de saisir. En abordant des figures emblématiques, telles qu?Alexandre ou Cléopâtre, ou des références mythologiques, comme les sirènes ou les Amazones, ces actes offrent un panorama de ces représentations dans la culture populaire contemporaine et suggèrent d?analyser notre relation à l?Antiquité, dans toute sa profondeur et sa complexité. 606 $aArts & Humanities 606 $aClassics 606 $aréception de l?Antiquité 606 $aculture populaire 606 $apop 606 $aAntiquité 606 $apériode contemporaine 606 $aiconographie 606 $aanalyse d??uvre 606 $aAntiquity 606 $apop culture 610 $aAntiquity 610 $apop culture 615 4$aArts & Humanities 615 4$aClassics 615 4$aréception de l?Antiquité 615 4$aculture populaire 615 4$apop 615 4$aAntiquité 615 4$apériode contemporaine 615 4$aiconographie 615 4$aanalyse d??uvre 615 4$aAntiquity 615 4$apop culture 700 $aAmory$b Annabelle$01363721 701 $aAndré$b Laury-Nuria$01313255 701 $aAnglade$b Laurent$01278868 701 $aBesnard$b Tiphaine Annabelle$01363722 701 $aBièvre-Perrin$b Fabien$01363723 701 $aBriand$b Michel$01286129 701 $aBriant$b Pierre$0170995 701 $aCallataÿ$b François de$0423809 701 $aChollier$b Vincent$01363724 701 $aCuvelier$b Pierre$01363725 701 $aDziub$b Nikol$01290952 701 $aEstèves$b Aline$01303986 701 $aFont-Réaulx$b Dominique de$01321235 701 $aKimmel-Clauzet$b Flore$01303822 701 $aLabregère$b Julie$01363726 701 $aPampanay$b Élise$01363727 701 $aPerrin$b Yves$01286071 701 $aRolet$b Stéphane$01291546 701 $aSaura-Ziegelmeyer$b Arnaud$01363728 701 $aScilabra$b Carla$01295324 701 $aWolff$b Nadège$01363729 701 $aBièvre-Perrin$b Fabien$01363723 701 $aPampanay$b Élise$01363727 801 0$bFR-FrMaCLE 906 $aBOOK 912 $a9910297030503321 996 $aAntiquipop$93384663 997 $aUNINA